Представление документа в формате RUSMARC

ПолеНазваниеЗначение
  Тип записи a
  Библиографический уровень m
001 Контрольный номер RU/SLIB/B/208708949
005 Дата корректировки 20201206203901.6
010 Индекс ISBN __
d Цена 22-00
101 Язык документа __
a Язык текста rus
c Язык оригинала fre
200 Заглавие и сведения об ответственности 0_
a Заглавие Наполеон
f Первые сведения об ответственности Тарле Е. В. ; вступ. ст. С .Г.Горяйнова
b Общее обозначение материала Текст
210 Выходные данные __
a Место издания Ростов н/Д
c Издательство Феникс
d Дата издания 1996
215 Физическое описание __
a Объем 510 с.
c Иллюстрации/тип воспроизводства ил.
225 Серия __
a Серия След в истории
600 Персоналии __
a Персоналии (Фамилия) Наполеон
606 Тематические рубрики __
a Основная рубрика История
606 Тематические рубрики __
a Основная рубрика Европа в XVI в. - 1918 г.
y Географическая подрубрика Франция
610 Ключевые слова __
a Ключевые слова императоры; империи; русско-французская война; Отечественная война 1812 г.; русско-турецкая война; войны; персоналии; исторические деятели; биографии
686 Индексы других классификаций __
2 Код системы rubbks
a Классификационный индекс 63.3(4Фра)52-8; ст63.3(4Фра)-8
700 Автор _1
a Фамилия Тарле
b Имя Е. В.
4 Код отношения 070
702 Вторичная интеллектуальная ответственность __
a Фамилия Горяйнов
b Имя С. Г.
4 Код отношения Вступительная статья
801 Источник записи _0
a Страна RU
b Организация Муниципальное бюджетное учреждение культуры "Централизованная библиотечная система" г. Сургут (Центральная городская библиотека им. А. С. Пушкина)
g Правила каталогизации Об/Кундохова
801 Источник записи _1
a Страна RU
b Организация Муниципальное бюджетное учреждение культуры "Централизованная библиотечная система" г. Сургут (Центральная городская библиотека им. А. С. Пушкина)
g Правила каталогизации Об/Кундохова
852 Данные о местонахождении __
j Шифр хранения 63.3(4Фра)52-8
c Каталожный индекс 63.3(4Фра)-8
i Авторский знак Т 20
p Инвентарный номер 68789
901 Тип документа __
t Тип документа m
903 Характеристики (МАРС) __
a Дата передачи 19980727
990 Данные о заказе (DOS) 00
j Количество экземпляров (DOS) 2
t N записи в КСУ для И/У (DOS) 199801